000 00547nam a22001697a 4500
003 NUST
038 _aNusrat Nadeem
082 _a200
100 _aAbid, Fizzah
_9125469
245 _aUnravelling Prognostic Potential of PKC Gamma in Hepatocellular Carcinoma/
_cFizzah Abid,
264 _aIslamabad;
_bASAB NUST;
_c2024.
300 _a393,p;
_bill;
_c30,cm.
650 _aPhD- Applied Biosciences
_9123210
700 _aSupervisor : Dr. Maria Shabbir
_9120508
856 _uhttp://10.250.8.41:8080/xmlui/handle/123456789/44600
942 _2ddc
_cSC
999 _c611221
_d611221